000 00316nam a22001457a 4500
020 _a978-0-07-068193-4
041 _aENG
100 _aRao.P.N
245 _aCAD / CAM Principles and Applications
250 _a3 Edition
260 _aNew Delhi
_bHc Graw Hill
_c2017
300 _a768
650 _aFMP
856 _uFMP
999 _c68
_d68